000 00897nam a2200265Ia 4500
003 OSt
005 20221005111415.0
006 a|||||r|||| 00| 0
007 ta
008 221004b |||||||| |||| 00| 0 hin d
020 _a9789350721612 (hbk)
_c500
024 _a17738
037 _b522, 21/03/2015, Vani Prakashan
_cTextual
040 _aCRL
_cCRL
_bhin
041 _2hin
_ahin
082 _aY15-72:4.2, 152Q3
100 _aगीताश्री
245 0 _aसपनों की मंडी
246 _aSapanoan kī manḍī
260 _aनई दिल्ली
_bवाणी प्रकाशन भारत
_c2013
300 _a164पृ0
_ccm.
650 _aभारतीय-लोक साहित्य
942 _hY15-72:4.2, 152Q3
_cTEXL
_2cc
999 _c1021754
_d1021754